Central Library OPAC University of Rajshahi

Answers to problems and cases in the study guide to accompany Lipsey & Steiner: (Record no. 10605)

MARC details
000 -LEADER
fixed length control field 00731nam a22002297a 4500
001 - CONTROL NUMBER
control field 10605
003 - CONTROL NUMBER IDENTIFIER
rucl marc code BD-RjUL
005 - DATE AND TIME OF LATEST TRANSACTION
control field 20211208235002.0
008 - FIXED-LENGTH DATA ELEMENTS--GENERAL INFORMATION
fixed length control field 140125s1969 -us||||| |||| 00| 0 eng d
035 ## - SYSTEM CONTROL NUMBER
System control number (BD-RjUL)10653
040 ## - CATALOGING SOURCE
Original cataloging agency BD-RjUL
Language of cataloging eng
Transcribing agency BD-RjUL
Modifying agency BD-RjUL
041 ## - LANGUAGE CODE
Language code of text/sound track or separate title eng
082 04 - DEWEY DECIMAL CLASSIFICATION NUMBER
Edition number 23
Classification number 330
Author mark and year FOA 1969
100 1# - MAIN ENTRY--PERSONAL NAME
Personal name Forbush, Dascomb Ramsey
9 (RLIN) 232887
245 10 - TITLE STATEMENT
Title Answers to problems and cases in the study guide to accompany Lipsey & Steiner:
Remainder of title Economics /
Statement of responsibility, etc. Dascomb R. Forbush , Dorothy Forbush
250 ## - EDITION STATEMENT
Edition statement 2nd ed.
260 ## - PUBLICATION, DISTRIBUTION, ETC. (IMPRINT)
Place of publication, distribution, etc. New York :
Name of publisher, distributor, etc. Harper & Row, Publishers
Date of publication, distribution, etc. 1969
300 ## - PHYSICAL DESCRIPTION
Pagination 45p. ;
Size 24 cm.
650 ## - SUBJECT ADDED ENTRY--TOPICAL TERM
Topical term or geographic name as entry element Economics
9 (RLIN) 232888
700 ## - ADDED ENTRY--PERSONAL NAME
Personal name Forbush, Dorothy, jt. auth.
942 ## - ADDED ENTRY ELEMENTS (KOHA)
Source of classification or shelving scheme Dewey Decimal Classification
Koha item type Rare Books
Holdings
Lost status Source of classification or shelving scheme Damaged status Not for loan Collection code Permanent Location Current Location Shelving location Date acquired Total Checkouts Full call number Date last seen Copy number Koha item type
  Dewey Decimal Classification   Not For Loan Rare Books Central Library, University of Rajshahi Central Library, University of Rajshahi Rare Book Section 12/09/2019   RA 330 FOA 1969 12/09/2019 C-1 Rare Books